000 01297nam a2200373 c 4500
999 _c45685
_d45685
001 45685
003 ES-MaCES
005 20161213144836.0
008 141217s2014 po 00| | spa d
017 _a384875-2914
020 _a9789897123115
040 _aES-MaCES
_bspa
_cES-MaCES
100 1 _aPérez Agulla, Sira
_920708
245 1 0 _aTrabajo autónomo
_b: régimen jurídico de la prestación de servicios
_cSira Pérez Agulla
260 _aLisboa
_bJurúa
_c[2014]
300 _a163 p.
_c21 cm
490 1 _aColección Derecho del trabajo y Seguridad Social. Teoría y práctica
500 _aÍndices
500 _aJurisprudencia y formularios: p. 136-155
504 _aBibliografía: p. 133-135
541 _cCompra
610 1 4 _92956
_aEspaña
_tLey del Estatuto del trabajo autónomo
_d2007
650 4 _atrabajo a cuenta propia
_930170
650 4 _atrabajador independiente
_928412
650 4 _acondiciones de trabajo
_928327
650 4 _acondiciones de empleo
_930040
650 4 _arégimen jurídico
_929894
650 4 _aderecho del trabajo
_927165
650 4 _aEspaña
_926964
653 1 0 _aDerecho del trabajo y Seguridad Social
830 0 _935547
_aColección Trabajo y Seguridad Social (Jurúa)
902 _aLIB Libro
942 _2CES
_cBK
_h6.0.1.